[Event "Novokuznetsk Old Stager op"]
[Site "Novokuznetsk"]
[Date "2015.02.15"]
[Round "9"]
[White "Grebenkin, Yury"]
[Black "Ragulin, Yury"]
[Result "0-1"]
[WhiteElo "1847"]
[BlackElo "1823"]
[PlyCount "80"]
[EventDate "2015.01.10"]
[EventType "swiss"]
[EventRounds "9"]
[EventCountry "RUS"]
[SourceTitle "EXT 2018"]
[Source "ChessBase"]
[SourceDate "2017.10.13"]
[SourceVersion "1"]
[SourceVersionDate "2017.10.13"]
[SourceQuality "1"]

1. c4 e5 2. Nc3 Nf6 3. Nf3 Nc6 4. g3 Be7 5. Bg2 d6 6. d3 Bd7 7. Nd5 Rb8 8. Nxe7 Qxe7 9. Bg5 0-0 10. Qb3 h6 11. Bd2 Nd8 12. Bc3 c5 13. Qa3 a6 14. b4 e4 15. Nd2 exd3 16. e3 Bc6 17. Bxf6 Qxf6 18. 0-0 cxb4 19. Qxb4 Bxg2 20. Kxg2 Nc6 21. Qa3 Ne5 22. Rab1 Rfc8 23. Rb6 Nxc4 24. Nxc4 Rxc4 25. Qxd3 Qe6 26. f3 Rc6 27. Rb3 Rbc8 28. Rf2 b5 29. Rd2 Qc4 30. Qf5 Qe6 31. Qd3 Rb8 32. Rb4 Rd8 33. Re4 Qf6 34. Qd5 Qc3 35. Re7 Qc4 36. Qf5 b4 37. Re4 Qc3 38. Rdd4 Rc5 39. Qf4 Qb2+ 40. Kh3 Rh5+ 0-1

[Event "Novokuznetsk-ch"]
[Site "Novokuznetsk"]
[Date "2014.12.06"]
[Round "6"]
[White "Ragulin, Yury"]
[Black "Maksichko, Vasily"]
[Result "1-0"]
[WhiteElo "1814"]
[BlackElo "1805"]
[PlyCount "55"]
[EventDate "2014.11.16"]
[EventType "swiss"]
[EventRounds "9"]
[EventCountry "RUS"]
[SourceTitle "EXT 2016"]
[Source "ChessBase"]
[SourceDate "2015.10.08"]
[SourceVersion "1"]
[SourceVersionDate "2015.10.08"]
[SourceQuality "1"]

1. Nf3 Nf6 2. c4 e6 3. g3 c6 4. b3 d5 5. Bb2 Be7 6. Bg2 Nbd7 7. e3 0-0 8. 0-0 Re8 9. Re1 b5 10. Nd4 Qb6 11. d3 bxc4 12. dxc4 dxc4 13. Nxc6 Bb7 14. Nxe7+ Rxe7 15. Bd4 Qb5 16. bxc4 Qxc4 17. Bxb7 Rb8 18. Nd2 Qb5 19. Bg2 e5 20. Bc3 Nc5 21. Rb1 Qe8 22. Rxb8 Qxb8 23. Qb1 Qc7 24. Bb4 Re6 25. Rc1 Rb6 26. Rxc5 Qb8 27. Qc2 h6 28. Rc8+ 1-0

[Event "Novokuznetsk-ch"]
[Site "Novokuznetsk"]
[Date "2014.11.22"]
[Round "2"]
[White "Oschepkov, Dmitri"]
[Black "Ragulin, Yury"]
[Result "1-0"]
[WhiteElo "2057"]
[BlackElo "1814"]
[PlyCount "33"]
[EventDate "2014.11.16"]
[EventType "swiss"]
[EventRounds "9"]
[EventCountry "RUS"]
[SourceTitle "EXT 2016"]
[Source "ChessBase"]
[SourceDate "2015.10.08"]
[SourceVersion "1"]
[SourceVersionDate "2015.10.08"]
[SourceQuality "1"]

1. e4 e6 2. d4 d5 3. Nd2 Nc6 4. Ngf3 Nh6 5. Bd3 dxe4 6. Nxe4 Nxd4 7. Nxd4 Qxd4 8. Bb5+ Qd7 9. Bxd7+ Bxd7 10. Bxh6 gxh6 11. Nf6+ Ke7 12. Qxd7+ Kxf6 13. 0-0-0 Bd6 14. Rxd6 cxd6 15. Qxd6 Rhd8 16. Qf4+ Kg7 17. Rd1 1-0

[Event "Novokuznetsk Kustov op"]
[Site "Novokuznetsk"]
[Date "2014.10.12"]
[Round "5"]
[White "Kozlov, Vasiliy"]
[Black "Ragulin, Yury"]
[Result "0-1"]
[WhiteElo "1875"]
[BlackElo "1831"]
[PlyCount "102"]
[EventDate "2014.09.28"]
[EventType "swiss"]
[EventRounds "9"]
[EventCountry "RUS"]
[SourceTitle "EXT 2018"]
[Source "ChessBase"]
[SourceDate "2017.10.13"]
[SourceVersion "1"]
[SourceVersionDate "2017.10.13"]
[SourceQuality "1"]

1. e4 c5 2. Nf3 Nc6 3. d4 cxd4 4. Nxd4 Nf6 5. Nc3 a6 6. Be2 d6 7. Be3 g6 8. a4 Bd7 9. 0-0 Bg7 10. Qd2 Qc7 11. Rfd1 0-0 12. Bh6 Nxd4 13. Bxg7 Nxe2+ 14. Qxe2 Kxg7 15. Nd5 Nxd5 16. exd5 Bf5 17. c3 Rfe8 18. Qd2 Rac8 19. Kh1 Qc4 20. f3 e6 21. dxe6 Rxe6 22. Qd4+ Qxd4 23. Rxd4 Rce8 24. h4 Bc2 25. a5 Re1+ 26. Rxe1 Rxe1+ 27. Kh2 Re6 28. Rb4 Re7 29. Kg3 Kf6 30. Kf4 Ke6 31. g4 Kd5 32. Rb6 Ba4 33. b3 Bc6 34. Rb4 f6 35. Rd4+ Ke6 36. b4 h6 37. Kg3 Kd7 38. Kf2 Kc7 39. Rf4 Re6 40. Rd4 g5 41. hxg5 fxg5 42. c4 b6 43. axb6+ Kxb6 44. Rd3 a5 45. bxa5+ Kxa5 46. Rb3 Rf6 47. Rd3 Kb4 48. Ke2 Kxc4 49. Ra3 Bxf3+ 50. Rxf3 Rxf3 51. Kxf3 Kd3 0-1